LEADER 01953nam a2200385 u 4500 001 000000014738 003 CaOOAMICUS 005 20110216155955.0 008 940517s1990 it u000 u ita u 020 $a8818920030 035 $a10346492 040 $aPUL(R)$bita$dPUL(R) 041 1 $aita$heng 100 1 $aHayek, Friedrich A.,$d1899-1992.$0(OLS)http://pul/name/14948 240 10$aSensory Order : an inquiry into the foundations of Theoretical Psychology.$lItaliano.$0(OLS)http://pul/title/21155 245 12$aL'ordine sensoriale :$bi fondamenti della psicologia teorica /$cFriedrich August von Hayek ; introduzione di Heinrich Klüver ; edizione italiana a cura di Francesco Marucci e Angelo M. Petroni. 260 $aMilano :$bRusconi,$c1991. 300 $a292 p. ;$c22 cm 490 1 $aI classici del pensiero.$aFilosofia contemporanea 504 $aBibliografia: p. 277-288. 650 4$aPsicofisiologia.$0(OLS)http://pul/subject/10277 650 4$aPsicologia$xTeorie.$0(OLS)http://pul/subject/10278 700 1 $aKlüver, Heinrich.$0(OLS)http://pul/name/13643 700 1 $aMarucci, Francesco.$0(OLS)http://pul/name/13644 700 1 $aPetroni, Angelo M.$0(OLS)http://pul/name/13645 830 2$aI classici del pensiero.$pFilosofia contemporanea.$0(OLS)http://pul/title/21157 850 $aPUL 852 $aPUL$W1$xDP1 Altre Collocazioni$y17$mSenza collocazione$j12$nBK-PRI$b $qStampati$B20662$CPULBib$Z2$F20662 $H $81 852 $aPUL$W1$xSL Filosofia 2$y80$mPhil A1 4.6$j20663$nBK-PRI$b $qStampati altre collocazioni$B20663$CPULBib$Z2$F20663 $H $81 941 1 $a8 941 1 $a10 961 $aINV: 78989 996 $6020$a8818920030$9(OLS)http://pul/number/18722 996 $6245$aL'ordine sensoriale :$bi fondamenti della psicologia teorica$9(OLS)http://pul/title/21156 996 $6260$aMilano :$bRusconi$9(OLS)http://pul/publisher/47863 LEADER 01941nam a2200385 a 4500 001 000000170911 003 CaOOAMICUS 005 20200715110813.0 008 181205s2018 sp 000 0 spa r 020 $a978-84-16-63976-2* 032 $aLibriCat 040 $aPUL$bita 082 04$a230.092 100 1 $aLe Guillou, Marie Joseph,$cO.P.,$d1920-1990.$0(OLS)http://pul/name/11341 245 13$aEl dosier "Intercelebration Pentecostale" de Marie-Joseph Le Guillou / $cedición, estudio preliminar e introducciones Jesús Iglesias Cobo ; prólogo Gabriel Richi Alberti. 260 $aMadrid :$bEdiciones Universidad San Damaso,$c2018. 300 $a320 p. ;$c24 cm. 490 1 $aStudia theologica Matritensia ;$v25 490 1 $aSeries Le Guillou ;$v11 504 $aBibliografia in nota. 600 14$aLe Guillou, Marie Joseph,$cO.P.,$d1920-1990.$0(OLS)http://pul/subject/21970 700 1 $aRichi Alberti, Gabriel,$d1966-$0(OLS)http://pul/name/37725 700 1 $aIglesias Cobo, Jesús.$0(OLS)http://pul/name/109912 830 0$aStudia theologica Matritensia ;$v25.$0(OLS)http://pul/title/137244 830 0$aStudia theologica Matritensia.$pSeries Le Guillou ;$v11.$0(OLS)http://pul/title/194762 850 $aPUL 852 $aPUL$W1$xFondo C.V.II$y119$mSTO DOC 24$j194312$qFondi$B199486$CPULBib$Z2$F199486 $HCVII219 $81 852 $aPUL$W1$xDP2 Religione 3$y114$m230. 092 LEGMA 1.11$j194266$qDDC 21$B199446$CPULBib$Z2$F199446 $H131879 $81 941 1 $a9 941 1 $a1 996 $6020$a978-84-16-63976-2*$9(OLS)http://pul/number/165477 996 $6082$a230.092$9(OLS)http://pul/classification/553 996 $6245$aEl dosier "Intercelebration Pentecostale" de Marie-Joseph Le Guillou / $9(OLS)http://pul/title/210953 996 $6260$aMadrid :$bEdiciones Universidad San Damaso$9(OLS)http://pul/publisher/82002